| 000 | 00495nam a2200193 a 4500 | ||
|---|---|---|---|
| 005 | 20210219152944.0 | ||
| 008 | 991125n 000 0 u | ||
| 035 | _aUPN01000068704 | ||
| 100 | _aVILLASEÑOR, Federico | ||
| 222 | _aEL MAESTRO RURAL | ||
| 245 | _aConcepto médico integral de la educación contemporánea | ||
| 300 | _a29 | ||
| 362 | _a1936 Vol. 8, no. 6, mar. | ||
| 653 | 0 | _aHIGIENE | |
| 653 | 0 | _aMEDICOS | |
| 653 | 0 | _aSALUD | |
| 904 |
_aAC _b006515 |
||
| 905 | _aArticulo | ||
| 999 |
_c64677 _d64677 |
||